Pháp luật Việt Nam về trách nhiệm bồi thường của nhà nước : Sách chuyên khảo

Nhà nước pháp quyền là Nhà nước phải chịu trách nhiệm về mọi hoạt động của mình và trách nhiệm bồi thường của Nhà nước được hiểu là việc Nhà nước chịu trách nhiệm bồi thường cho cá nhân, tổ chức cũng như các chủ thể khác bị th...

Volledige beschrijving

Bewaard in:
Bibliografische gegevens
Hoofdauteur: Đỗ Văn Đại
Andere auteurs: Nguyễn Trương Tín
Formaat: Boek
Taal:Vietnamese
Gepubliceerd in: H. Hồng Đức 2019
Editie:Lần thứ ba
Onderwerpen:
Tags: Voeg label toe
Geen labels, Wees de eerste die dit record labelt!
Thư viện lưu trữ: Thư viện Trường Đại học Nam Cần Thơ
LEADER 01502nam a22002177a 4500
001 NCT_88406
008 180926b xxu||||| |||| 00| 0 vie d
999 |c 4360  |d 4360 
020 |a 9786048963408  |c 115000 
082 0 4 |2 23rd ed.  |a 340.597112  |b Đ103 
100 1 |a Đỗ Văn Đại 
245 1 0 |a Pháp luật Việt Nam về trách nhiệm bồi thường của nhà nước :  |b Sách chuyên khảo  |c Đỗ Văn Đại, Nguyễn Trương Tín 
250 |a Lần thứ ba 
260 |a H.  |b Hồng Đức  |c 2019 
300 |a 609tr.  |c 21cm 
520 3 |a Nhà nước pháp quyền là Nhà nước phải chịu trách nhiệm về mọi hoạt động của mình và trách nhiệm bồi thường của Nhà nước được hiểu là việc Nhà nước chịu trách nhiệm bồi thường cho cá nhân, tổ chức cũng như các chủ thể khác bị thiệt hại về vật chất, tổn thất về tinh thần do người thi hành công vụ gây ra trong quá trình thực hiện chức năng, nhiệm vụ được Nhà nước giao. 
653 |a Luật học 
700 1 |a Nguyễn Trương Tín 
942 |2 ddc  |c BK 
952 |0 0  |1 0  |2 ddc  |4 0  |6 340_597112000000000_Đ103  |7 0  |9 20995  |a 000001  |b 000001  |d 2021-03-29  |o 340.597112 Đ103  |p MD.18255  |r 2021-03-29  |v 115000.00  |w 2021-03-29  |y BK 
980 |a Thư viện Trường Đại học Nam Cần Thơ